000 00656nam a2200241Ia 4500
008 160303s9999 xx 000 0 und d
020 _a978-971-23-4875-4
050 _aFIL HM 51
050 _b.P35 2007 c.1
100 _aPalispis, Epitacio S.
245 _aIntroduction to sociology and anthropology /
245 _cEpitacio S. Palispis.
250 _aRevised Edition
260 _aManila:
260 _bRex Book Store, Inc.,
260 _c2000
300 _a418 pages :
300 _billustrations ;
300 _c25 cm.
500 _aIncludes bibliographical references and index.
650 _aAnthropology.
650 _aSociology.
999 _c291233
_d291233